000 00882cam a2200253 a 4500
001 4408
005 20240821084411.0
020 _a0590383698
040 _aDLC
_cDLC
_dDLC
_beng
050 0 0 _aPZ8.1.R6815
082 0 0 _a398.22
100 1 _aRosales, Melodye Benson
245 1 0 _aLeola and the honeybears :
_cwritten and illustrated by Melodye Benson Rosales.
_bAn African-American Retelling of GOLDILOCKS AND THE THREE BEARS /
250 _aFirst Scholastic paperback printing, January 2000
260 _aNew York :
_bScholastic,
_c1999.
300 _a37 pages :
_bcolor illustrations ;
_c31 cm .
505 _aQ
520 _aAn African American version of Goldilocks and the three bears.
521 _a660
_bLexile AD
521 _aQ
_bRaz-Plus
650 1 _athree bears
_vfiction
906 _a7
_bcbc
_corignew
_d1
_eocip
_f19
_gy-gencatlg
942 _2ddc
_cBK
_n0
999 _c4408
_d4408